header

Politics and ethnicity (Record no. 202947)

MARC details
000 -LEADER
fixed length control field 01590nam a2200433Ia 4500
082 04 - DEWEY DECIMAL CLASSIFICATION NUMBER
Classification number 305.8
100 1# - MAIN ENTRY--AUTHOR NAME
Personal name Rudolph, Joseph R.
245 10 - TITLE STATEMENT
Title Politics and ethnicity
250 ## - EDITION STATEMENT
Edition statement 1st ed.
260 ## - PUBLICATION, DISTRIBUTION, ETC. (IMPRINT)
Place of publication New York :
Name of publisher Palgrave Macmillan,
Year of publication 2006.
300 ## - PHYSICAL DESCRIPTION
Number of Pages xiv, 254 p.
490 1# - SERIES STATEMENT
Series statement Perspectives in comparative politics
650 #0 - SUBJECT ADDED ENTRY--TOPICAL TERM
Topical Term Ethnicity
Topical Term Ethnic relations
Topical Term Politics and culture.
Topical Term Political anthropology.
856 40 - ELECTRONIC LOCATION AND ACCESS
Uniform Resource Identifier http://site.ebrary.com/lib/rucke/Doc?id=10150450

No items available.

© 2026 Rongo University
Contact us: librarian | system librarian | Rongo university